Y học cho mọi người

Wedi'i Gadw mewn:
Manylion Llyfryddiaeth
Prif Awdur: Trần, Phương Hạnh
Fformat: Llyfr
Iaith:Undetermined
Cyhoeddwyd: Tp. Hồ Chí Minh Thanh NIên 2005
Pynciau:
Tagiau: Ychwanegu Tag
Dim Tagiau, Byddwch y cyntaf i dagio'r cofnod hwn!
Thư viện lưu trữ: Trung tâm Học liệu Trường Đại học Cần Thơ
LEADER 00547nam a2200193Ia 4500
001 CTU_97278
008 210402s9999 xx 000 0 und d
020 |c 19000 
082 |a 610 
082 |b H107 
100 |a Trần, Phương Hạnh 
245 0 |a Y học cho mọi người 
245 0 |c Trần Phương Hạnh 
260 |a Tp. Hồ Chí Minh 
260 |b Thanh NIên 
260 |c 2005 
650 |a Health education,Public health 
904 |i Minh(Tuyến) 
980 |a Trung tâm Học liệu Trường Đại học Cần Thơ